000
00242nam a22000857a 4500
008
161122b xxu||||| |||| 00| 0 eng d
100
_9
1320
_a
Manogrpah. A
245
_a
Learning : the treasure with in
260
_a
New delhi
_b
Nationla book trust
_c
1996
999
_c
4033
_d
4033